Resurrection / (Record no. 25)

MARC details
000 -LEADER
fixed length control field 00495pam a2200157 4500
008 - FIXED-LENGTH DATA ELEMENTS--GENERAL INFORMATION
fixed length control field 000327r20001999enk 000 1 eng
020 ## - INTERNATIONAL STANDARD BOOK NUMBER
International Standard Book Number 0671018086 (pbk.)
100 1# - MAIN ENTRY--PERSONAL NAME
Personal name McClure, Ken.
245 10 - TITLE STATEMENT
Title Resurrection /
Statement of responsibility, etc. Ken McClure.
260 ## - PUBLICATION, DISTRIBUTION, ETC.
Place of publication, distribution, etc. London :
Name of publisher, distributor, etc. Pocket,
Date of publication, distribution, etc. 2000.
300 ## - PHYSICAL DESCRIPTION
Extent 343 p. ;
Dimensions 18 cm.
650 #0 - SUBJECT ADDED ENTRY--TOPICAL TERM
Topical term or geographic name entry element Biological warfare
Geographic subdivision Scotland
-- Edinburgh
Form subdivision Fiction.
Topical term or geographic name entry element Smallpox
Geographic subdivision Scotland
-- Edinburgh
Form subdivision Fiction.
651 #0 - SUBJECT ADDED ENTRY--GEOGRAPHIC NAME
Geographic name Edinburgh (Scotland)
Form subdivision Fiction.
655 07 - INDEX TERM--GENRE/FORM
Genre/form data or focus term Suspense fiction.
Source of term gsafd.

No items available.

Royal Thimphu College || All Right Reserved